Jean M. Auel Bibliography - Statistics

General Stats
  • This quiz has been taken 5 times
  • The average score is 5 of 6
Answer Stats
Type Year Name % Correct
Novel 1980 The Clan of the Cave Bear
100%
Novel 1985 The Mammoth Hunters
100%
Novel 1990 The Plains of Passage
80%
Novel 1982 The Valley of Horses
80%
Novel 2011 The Land of Painted Caves
60%
Novel 2002 The Shelters of Stone
60%
No matching quizzes found
Score Distribution
Percent of People with Each Score
Percentile by Number Answered
Your Score History
You have not taken this quiz